Fluid mechanics / (Record no. 29315)

000 -LEADER
fixed length control field 00538 a2200205 4500
003 - CONTROL NUMBER IDENTIFIER
control field NUST
005 - DATE AND TIME OF LATEST TRANSACTION
control field 20180118142108.0
008 - FIXED-LENGTH DATA ELEMENTS--GENERAL INFORMATION
fixed length control field 180118b xxu||||| |||| 00| 0 eng d
020 ## - INTERNATIONAL STANDARD BOOK NUMBER
International Standard Book Number 0582414768
020 ## - INTERNATIONAL STANDARD BOOK NUMBER
International Standard Book Number 9780582414761
082 04 - DEWEY DECIMAL CLASSIFICATION NUMBER
Classification number 620.106
100 1# - MAIN ENTRY--PERSONAL NAME
Personal name Douglas, J. F.
9 (RLIN) 8815
245 10 - TITLE STATEMENT
Title Fluid mechanics /
Statement of responsibility, etc. J. F. Douglas, John Gasiorek, John Swaffield.
250 ## - EDITION STATEMENT
Edition statement 4th ed.
260 ## - PUBLICATION, DISTRIBUTION, ETC.
Place of publication, distribution, etc. [S.l.] :
Name of publisher, distributor, etc. Prentice Hall,
Date of publication, distribution, etc. 2001.
300 ## - PHYSICAL DESCRIPTION
Extent 911 p. ;
Dimensions 25 cm.
490 1# - SERIES STATEMENT
Series statement 4th edition.
700 1# - ADDED ENTRY--PERSONAL NAME
Personal name Gasiorek, John.
9 (RLIN) 8816
700 1# - ADDED ENTRY--PERSONAL NAME
Personal name Swaffield, John.
9 (RLIN) 8817
830 #0 - SERIES ADDED ENTRY--UNIFORM TITLE
Uniform title 4th edition.
9 (RLIN) 167
942 ## - ADDED ENTRY ELEMENTS (KOHA)
Institution code [OBSOLETE] SNS
Koha item type Book
Call number prefix 620.106 DOU
Source of classification or shelving scheme
Holdings
Withdrawn status Lost status Damaged status Not for loan Permanent Location Current Location Date acquired Total Checkouts Full call number Barcode Date last seen Price effective from Koha item type
        School of Natural Sciences (SNS) School of Natural Sciences (SNS) 05/26/2016   620.106 DOU SNS0000840 02/11/2019 05/26/2016 Book
© 2023 Central Library, National University of Sciences and Technology. All Rights Reserved.